Diamond-back terrapin culture at Beaufort, N. C. (Record no. 23280)

MARC details
000 -LEADER
fixed length control field 00785cam a22002411 4500
001 - CONTROL NUMBER
control field f 26000014
003 - CONTROL NUMBER IDENTIFIER
control field DLC
005 - DATE AND TIME OF LATEST TRANSACTION
control field 20260227111249.0
008 - FIXED-LENGTH DATA ELEMENTS--GENERAL INFORMATION
fixed length control field 930729s1926 dcua 000 0 eng c
010 ## - LIBRARY OF CONGRESS CONTROL NUMBER
LC control number f 26000014
035 ## - SYSTEM CONTROL NUMBER
System control number (OCoLC)28534129
040 ## - CATALOGING SOURCE
Original cataloging agency Library, U.S. Bur. of Fisheries
Transcribing agency NcD
Modifying agency DLC
050 00 - LIBRARY OF CONGRESS CALL NUMBER
Classification number SH191.T5
Item number .H5
100 1# - MAIN ENTRY--PERSONAL NAME
Personal name Hildebrand, Samuel F.
Fuller form of name (Samuel Frederick),
Dates associated with a name 1883-1949
245 10 - TITLE STATEMENT
Title Diamond-back terrapin culture at Beaufort, N. C.
260 ## - PUBLICATION, DISTRIBUTION, ETC.
Place of publication, distribution, etc. [Washington,
Name of publisher, distributor, etc. Govt. print. off.,
Date of publication, distribution, etc. 1926.
300 ## - PHYSICAL DESCRIPTION
Extent 20 p.
Other physical details illus.
Dimensions 23 cm.
490 0# - SERIES STATEMENT
Series statement U. S. Bureau of Fisheries. Economic circular
Volume/sequential designation no. 60
500 ## - GENERAL NOTE
General note Caption title.
500 ## - GENERAL NOTE
General note At head of title: Department of commerce.
650 #0 - SUBJECT ADDED ENTRY--TOPICAL TERM
Topical term or geographic name entry element Diamondback terrapin.
700 1# - ADDED ENTRY--PERSONAL NAME
Personal name Hatsel, Charles.

No items available.

Powered by Koha